02922nam a22001937a 450000500170000000800410001702000180005804000070007604100080008308200220009110000240011324500330013726000490017030000350021936500530025452023600030765000170266770000440268420250610145927.0220110b ||||| |||| 00| 0 eng d a9789352838301 cAL aEng 223a574.192bJAIF aJain J L and others aFundamentals of Biochemistry aNew DelhibS Chand And Company Limitedc2021 axxxii,1615 p.bPBc23.5x16 cm. a4990b₹559.20c₹d₹699.00e20%f06-01-2022 aThis book has been primarily designed to familiarize the students with the basic concepts of biochemistry such as biomolecules, bioenergetics, metabolism, hormone biochemistry, nutrition biochemistry as well as analytical biochemistry. The book is flourished with numerous illustrations and molecular structures which would not only help the students in assimilating extensive information on a spectrum of concepts in biochemistry, but also help them in retaining the concepts in an effective manner.bKey Features • Over 850 figures to facilitate effective understanding of the concepts • More than 600 questions to test understanding of the concepts • Life history contributions of over 100 biochemists • Exhaustive glossary with about 1700 words along-with etymology of most of the technical terms Contents Part-I: Prefatory: 1. Introduction 2. Water: The Solvent of Life 3. pH and Buffers 4. The Atom and Chemical Bonds Part-II: Biomolecules: 5. Carbohydrates I - General Structure of Monosaccharides 6. Carbohydrates II - Properties of Monosaccharides 7. Carbohydrates III - Oligosaccharides 8. Carbohydrates IV - Polysaccharides 9. Proteins I - General Structure 10. Proteins II - Classification 11. Proteins III -General Properties 12. Lipids I - General Structure 13. Lipids II - Classification 14. Lipids III - Properties of Fats and Oils 15. Nucleic Acids 16. Enzymes I - Nomenclature and Classification 17. Enzymes II - Characteristic and three Dimensional Structure 18. Enzymes III - Mechanism of Enzyme Action, Part-III: Bioenergetics and Metabolism: 19. Metabolic Concepts 20. Bioenergetics 21. Glycolysis 22. Pyruvate Oxidation and Citric Acid Cycle 23. Electron Transport and Oxidative Phosphorylation 24. Oxidation of Fatty Acids 25. Biosynthesis of Lipids 26. Oxidation of Amino Acids 27. Biosynthesis of Amino Acids 28. Biosynthesis of Nucleotides 29. Degradation of Nucleotides 30. Biosynthesis of Proteins 31. Protein Targeting and Degradation 32. Genetic Code 33. Mineral Metabolism Part-IV: Hormone Biochemistry: 34. Animal Hormones 35. Plant Hormones Part-V: Nutrition Biochemistry: 36. Principles of Nutrition 37. Elements of Nutrition 38. Fat-Soluble Vitamins, 39. Water-Soluble Vitamins Part-VI: Analytical Biochemistry: 40. Biochemical Techniques • Appendices • Glossary • Author/Scientist Index • Subject Index aBiochemistry aJAIN (J L)bJAIN (Sunjay)cJAIN (Nitin)